| 000 | 00814nam a2200229 i 4500 | ||
|---|---|---|---|
| 001 | 51627 | ||
| 003 | ES-MaACL | ||
| 005 | 20231227161438.0 | ||
| 007 | t| | ||
| 008 | 030814s1967 sp |||| |dspa d | ||
| 100 | 1 |
_aChico y Ortiz, José María. _938492 |
|
| 245 | 1 | 0 |
_aApuntes de derecho inmobiliario registral. _nI / _cJosé María Chico Ortiz, Juan Francisco Bonilla Encina ; prólogo de Pío Cabanillas Gallas. |
| 250 | _a2ª ed. | ||
| 260 |
_aMadrid : _b[s.n.], _c1967 ( _fImp. Bolaños y Aguilar) |
||
| 300 |
_a1 v. (990 p.) ; _c24 cm. |
||
| 505 | 8 | _aContiene: v. 1 | |
| 650 | 0 | 4 |
_aDerecho inmobiliario registral- _zEspaña. _911715 |
| 700 | 1 |
_aBonilla Encina, Juan Francisco. _9167281 |
|
| 700 | 1 |
_aCabanillas Gallas, Pío, _d1923-1991 _933147 |
|
| 852 |
_aES-MaACL _jP-1317 |
||
| 999 |
_c51627 _d51627 |
||